000 00435 a2200205 4500
260 _aWeinheim
100 _aEISENBRAND, Gerhard
260 _bVCH
300 _a231p.
245 _aFood allergies and intolerances: symposium
260 _c1996
130 _len.
690 _aallergy
690 _aintolerance
690 _aepidemiology
020 _a3-527-27409-X
440 _x0070-3982
999 _c29143
_d29143